[Event "62nd ch-IND 2025"]
[Site "Guntur IND"]
[Date "2025.10.01"]
[Round "11.6"]
[White "Lalit Babu M R"]
[Black "Audi, Ameya"]
[Result "1-0"]
[WhiteTitle "GM"]
[BlackTitle "IM"]
[WhiteElo "2502"]
[BlackElo "2430"]
[WhiteFideId "5024595"]
[BlackFideId "25034430"]
[EventDate "2025.09.21"]

1. d4 Nf6 2. c4 e6 3. Nf3 d5 4. Nc3 Bb4 5. Bg5 h6 6. Bxf6 Qxf6 7. e3 O-O 8. Rc1
Nc6 9. a3 Bxc3+ 10. Rxc3 dxc4 11. Bxc4 e5 12. d5 Ne7 13. e4 Qd6 14. O-O Bd7 15.
Qc2 Ng6 16. Bb3 Rac8 17. Rd1 Kh8 18. Ba4 b5 19. Bb3 f5 20. exf5 Bxf5 21. Qd2 Bd7
22. Bc2 Nf4 23. Re1 1-0

[Event "62nd ch-IND 2025"]
[Site "Guntur IND"]
[Date "2025.10.01"]
[Round "11.7"]
[White "Vignesh Advaith Vemula"]
[Black "Ravi, Teja S."]
[Result "1-0"]
[BlackTitle "IM"]
[WhiteElo "2431"]
[BlackElo "2410"]
[WhiteFideId "25792059"]
[BlackFideId "5017220"]
[EventDate "2025.09.21"]

1. e4 c6 2. d4 d5 3. e5 Bf5 4. c4 e6 5. Nc3 Bb4 6. cxd5 cxd5 7. h4 h6 8. g4 Be4
9. f3 Bh7 10. h5 Nc6 11. Bd3 Bxd3 12. Qxd3 Nge7 13. f4 Qb6 14. Ne2 Qa6 15. Qxa6
bxa6 16. Bd2 Rb8 17. b3 f6 18. Na4 Ba3 19. Bc1 Bb4+ 20. Bd2 Ba3 21. Kf2 Nc8 22.
Bc1 Be7 23. Nb2 Nb6 24. Bd2 Kf7 25. Nd3 Nd7 26. Raf1 Rhc8 27. Kg3 Bd8 28. Kh3
Bb6 29. Bc3 f5 30. g5 Ne7 31. Rc1 Rc7 32. g6+ Ke8 33. Nb4 Rbc8 34. Nxa6 Rc6 35.
Nb4 R6c7 36. Nd3 Nc6 37. Rhd1 a6 38. Kg3 Ba7 39. Bb2 Bb6 40. Kf3 Ba7 41. Ke3 Bb6
42. Ba3 Na7 43. Rxc7 Rxc7 44. Rc1 Rxc1 45. Bxc1 Nc6 46. Ba3 Ba7 47. Bd6 Bb6 48.
Nc5 Bxc5 49. dxc5 Nb4 50. Nd4 1-0

[Event "62nd ch-IND 2025"]
[Site "Guntur IND"]
[Date "2025.10.01"]
[Round "11.8"]
[White "Utsab, Chatterjee"]
[Black "Ganguly, Surya Shekhar"]
[Result "1/2-1/2"]
[WhiteTitle "IM"]
[BlackTitle "GM"]
[WhiteElo "2299"]
[BlackElo "2573"]
[WhiteFideId "46609148"]
[BlackFideId "5002150"]
[EventDate "2025.09.21"]

1. e4 e5 2. Nf3 Nc6 3. Bb5 a6 4. Ba4 b5 5. Bb3 Na5 6. O-O d6 7. d4 exd4 8. Nxd4
Bb7 9. Bd2 Nxb3 10. axb3 Nf6 11. Re1 Be7 12. Nf5 O-O 13. Bg5 Qd7 14. Nc3 Rae8
15. Qf3 Bd8 16. Bh6 Re5 17. Nxg7 Kh8 18. Nf5 Rg8 19. Ng3 b4 20. Nd5 Nxe4 21.
Nxb4 Qb5 22. Rxe4 Bxe4 23. Qc3 a5 24. Ra4 axb4 25. Rxb4 Qd5 26. Rd4 Qa8 27. Ra4
Qd5 28. Rd4 Qe6 29. Rxe4 f5 30. Rxe5 dxe5 31. Be3 Bf6 32. f4 exf4 33. Bd4 Rg6
34. Nh5 Rxg2+ 35. Kxg2 Qe2+ 36. Kg1 Qd1+ 37. Kg2 Qe2+ 38. Kg1 Qd1+ 39. Kg2 Bxd4
40. Qf3 Qxc2+ 41. Kh3 c6 42. Nxf4 Bxb2 43. Qe3 Qc3 44. Qxc3+ Bxc3 45. Ne6 Kg8
46. Nd8 c5 47. Nb7 Bb4 48. Nd6 Kg7 49. Nxf5+ Kf6 50. Nd6 Ke5 51. Nb7 Kd4 1/2-1/2

[Event "62nd ch-IND 2025"]
[Site "Guntur IND"]
[Date "2025.10.01"]
[Round "11.10"]
[White "Rohith, Krishna S"]
[Black "Bhoir Paras Dilip"]
[Result "1-0"]
[WhiteTitle "IM"]
[WhiteElo "2503"]
[BlackElo "2219"]
[WhiteFideId "46617051"]
[BlackFideId "25763695"]
[EventDate "2025.09.21"]

1. d4 d5 2. c4 e6 3. Nf3 Nf6 4. Nc3 c6 5. e3 Nbd7 6. Qc2 Bd6 7. Bd3 dxc4 8. Bxc4
e5 9. O-O O-O 10. h3 Qe7 11. a3 b5 12. Ba2 a6 13. Ng5 Bb7 14. Nce4 Nxe4 15. Nxe4
c5 16. Nxd6 Qxd6 17. dxc5 Nxc5 18. Rd1 Qe7 19. Qe2 Rfd8 20. Bd2 Qg5 21. e4 Qf6
22. f3 Ne6 23. Be3 Nd4 24. Qf2 Rd7 25. Rd2 Rad8 26. Rad1 Bc6 27. Rc1 Bb7 28. f4
Ne6 29. f5 Ng5 30. Rxd7 Rxd7 31. Bxg5 Qxg5 32. Rc5 Qe7 33. b4 Bxe4 34. Qe1 Bxf5
35. Rxe5 Be6 36. Bxe6 fxe6 1-0

[Event "62nd ch-IND 2025"]
[Site "Guntur IND"]
[Date "2025.10.01"]
[Round "11.11"]
[White "Prraneeth, Vuppala"]
[Black "Kumaresh, A"]
[Result "1-0"]
[WhiteTitle "GM"]
[BlackTitle "CM"]
[WhiteElo "2475"]
[BlackElo "2256"]
[WhiteFideId "46622373"]
[BlackFideId "45022259"]
[EventDate "2025.09.21"]

1. e4 c5 2. Nf3 d6 3. Bb5+ Nd7 4. O-O Nf6 5. Re1 e6 6. Bf1 Be7 7. c4 Ne5 8. Nc3
O-O 9. d3 Bd7 10. h3 Qc7 11. Nh2 a6 12. f4 Nc6 13. Be3 Rab8 14. Nf3 Rfd8 15. Rc1
Be8 16. g4 d5 17. cxd5 exd5 18. g5 Nh5 19. Nxd5 Rxd5 20. exd5 Nb4 21. Ne5 f6 22.
Qb3 Bd6 23. d4 fxe5 24. dxc5 exf4 25. cxd6 Qd8 26. Qxb4 Qxg5+ 27. Bg2 fxe3 28.
Qg4 1-0

[Event "62nd ch-IND 2025"]
[Site "Guntur IND"]
[Date "2025.10.01"]
[Round "11.12"]
[White "Sharnarthi Viresh"]
[Black "Das, Sayantan"]
[Result "1/2-1/2"]
[BlackTitle "GM"]
[WhiteElo "2281"]
[BlackElo "2435"]
[WhiteFideId "25978055"]
[BlackFideId "5034426"]
[EventDate "2025.09.21"]

1. d4 d5 2. c4 e6 3. Nf3 Nf6 4. g3 Ne4 5. Bg2 Be7 6. O-O f5 7. b3 Nc6 8. Ba3 Bf6
9. e3 h5 10. Nfd2 h4 11. Nxe4 dxe4 12. Nc3 hxg3 13. hxg3 Qd7 14. f3 exf3 15.
Bxf3 g6 16. Kg2 b6 17. d5 Ne5 18. dxe6 Qxd1 19. Raxd1 Nxf3 20. Nd5 Be5 21. Kxf3
Bxe6 22. Nf4 Kf7 23. e4 Bxf4 24. Kxf4 Rh2 25. Bb4 Rah8 26. Bc3 R8h5 27. a4 Rc2
28. Be5 c5 29. exf5 gxf5 30. Rh1 Rhh2 31. Rxh2 Rxh2 32. Rd8 Re2 33. Bb8 Rb2 34.
Rd3 a6 35. Ba7 b5 36. axb5 axb5 37. cxb5 c4 38. bxc4 Bxc4 39. Rc3 Bxb5 40. Kxf5
Bd7+ 41. Kg5 Rb5+ 42. Bc5 Ra5 43. Kf4 Be6 44. Bd4 Ra4 45. Rc7+ Kg6 46. Ke5 Ra6
47. Bc3 Bf7 48. Rc5 Be8 49. Kf4 Ra4+ 50. Kf3 Ra6 51. Bd2 Bc6+ 52. Kg4 Bd7+ 53.
Kh4 Ra2 54. Rg5+ Kf7 55. Rd5 Be6 56. Rd4 Rc2 57. g4 Rc4 58. Rxc4 1/2-1/2

[Event "62nd ch-IND 2025"]
[Site "Guntur IND"]
[Date "2025.10.01"]
[Round "11.13"]
[White "Harshit, Ranjan Sahu"]
[Black "Soham, Kamotra"]
[Result "1/2-1/2"]
[WhiteTitle "CM"]
[BlackTitle "IM"]
[WhiteElo "2258"]
[BlackElo "2414"]
[WhiteFideId "25638815"]
[BlackFideId "46647490"]
[EventDate "2025.09.21"]

1. e4 c6 2. d4 d5 3. exd5 cxd5 4. Bd3 Nc6 5. c3 e6 6. Nf3 Bd6 7. O-O Nge7 8. Re1
O-O 9. Nbd2 f6 10. c4 Kh8 11. a3 a6 12. Nf1 Bc7 13. Ne3 dxc4 14. Bxc4 Nd5 15.
Ba2 Qd6 16. Nc4 Qd7 17. Ne3 Nce7 18. Nxd5 Nxd5 19. Bd2 b6 20. Rc1 Bb7 21. Bb1
Rac8 22. h4 Bb8 23. Qe2 Qf7 24. Bd3 b5 25. a4 Nf4 26. Bxf4 Bxf4 27. Rcd1 e5 28.
dxe5 fxe5 29. Be4 bxa4 30. Ra1 Rb8 31. Bxb7 Qxb7 32. Rxa4 Qxb2 33. Qxb2 1/2-1/2

[Event "62nd ch-IND 2025"]
[Site "Guntur IND"]
[Date "2025.10.01"]
[Round "11.14"]
[White "Esshan Wadhawan"]
[Black "Deepan, Chakkravarthy J."]
[Result "0-1"]
[BlackTitle "GM"]
[WhiteElo "2207"]
[BlackElo "2407"]
[WhiteFideId "45062056"]
[BlackFideId "5011132"]
[EventDate "2025.09.21"]

1. e4 g6 2. d4 Bg7 3. Nf3 d6 4. Be2 a6 5. O-O Nf6 6. Nc3 O-O 7. a4 Nc6 8. a5 e5
9. d5 Ne7 10. b4 h6 11. Nd2 Ne8 12. Na4 f5 13. c4 fxe4 14. Nxe4 Nf5 15. Bd3 Nd4
16. Be3 Nf6 17. Rc1 Ng4 18. c5 Bf5 19. h3 Bxe4 20. Bxe4 Nxe3 21. fxe3 Rxf1+ 22.
Qxf1 Qg5 23. Qd3 Nf5 24. Re1 Rf8 25. c6 bxc6 26. dxc6 Ng3 27. Nc3 Kh8 28. Ne2
Qf6 29. Nxg3 Qf2+ 30. Kh2 Qxe1 31. b5 axb5 32. a6 h5 33. h4 Bh6 34. a7 Bxe3 35.
Qa3 Bf4 36. a8=Q Qxg3+ 0-1

[Event "62nd ch-IND 2025"]
[Site "Guntur IND"]
[Date "2025.10.01"]
[Round "11.15"]
[White "Arnav, Agrawal"]
[Black "Jain, Kashish Manoj"]
[Result "1/2-1/2"]
[BlackTitle "IM"]
[WhiteElo "2191"]
[BlackElo "2398"]
[WhiteFideId "48779857"]
[BlackFideId "35081098"]
[EventDate "2025.09.21"]

1. d4 Nf6 2. c4 g6 3. Nc3 Bg7 4. Nf3 O-O 5. Bg5 h6 6. Bh4 c5 7. d5 d6 8. e3 g5
9. Bg3 Nh5 10. Bd3 f5 11. Nd2 Qe8 12. Qc2 Na6 13. a3 Nc7 14. h4 Nxg3 15. fxg3 e6
16. dxe6 Qxe6 17. O-O-O g4 18. Rhf1 Qe5 19. e4 f4 20. Nd5 Ne6 21. Nb3 Bd7 22.
Be2 Rae8 23. Bxg4 fxg3 24. Rxf8+ Nxf8 25. Bf5 Bxf5 26. exf5 Nd7 27. Nd2 Qe2 28.
Nf3 Qxc2+ 29. Kxc2 Kf7 30. Re1 Ne5 1/2-1/2

[Event "62nd ch-IND 2025"]
[Site "Guntur IND"]
[Date "2025.10.01"]
[Round "11.16"]
[White "Navalgund, Niranjan"]
[Black "Aaditya, Dhingra"]
[Result "1/2-1/2"]
[WhiteTitle "FM"]
[BlackTitle "IM"]
[WhiteElo "2185"]
[BlackElo "2391"]
[WhiteFideId "5030854"]
[BlackFideId "25678191"]
[EventDate "2025.09.21"]

1. d4 Nf6 2. c4 e6 3. g3 d5 4. Bg2 Bb4+ 5. Bd2 Be7 6. Nf3 O-O 7. O-O a5 8. Qc2
c6 9. Bf4 Nbd7 10. Rd1 a4 11. a3 Qa5 12. Nbd2 Nh5 13. Bg5 f6 14. Be3 f5 15. Bg5
Bd6 16. c5 Bc7 17. e3 h6 18. Bf4 Bd8 19. Bd6 Re8 20. g4 Nhf6 21. gxf5 exf5 22.
Nh4 Ne4 23. Nxf5 Ndf6 24. Ng3 Nxd6 25. cxd6 Be6 26. Nf5 Kh8 27. Nh4 Bb6 28. Ng6+
Kg8 29. Ne7+ Kf8 30. Ng6+ Kg8 31. Ne7+ Kf8 32. Ng6+ Kg8 33. Ne7+ 1/2-1/2

[Event "62nd ch-IND 2025"]
[Site "Guntur IND"]
[Date "2025.10.01"]
[Round "11.17"]
[White "Sidhant, Mohapatra"]
[Black "Challa Saharsha"]
[Result "1-0"]
[WhiteTitle "IM"]
[WhiteElo "2384"]
[BlackElo "2014"]
[WhiteFideId "5028698"]
[BlackFideId "25168525"]
[EventDate "2025.09.21"]

1. c4 c5 2. Nf3 Nc6 3. Nc3 g6 4. e3 Nf6 5. d4 cxd4 6. exd4 d5 7. cxd5 Nxd5 8.
Qb3 Nxc3 9. Bc4 e6 10. bxc3 Be7 11. Bh6 Bf8 12. Bxf8 Kxf8 13. h4 h5 14. O-O Kg7
15. Qb2 Qf6 16. Rae1 Rd8 17. Ng5 Kg8 18. Re3 Ne7 19. Bd3 b6 20. Rfe1 Bd7 21. Qa3
Rac8 22. Ne4 Qg7 23. Qxe7 Bc6 24. Qxa7 1-0

[Event "62nd ch-IND 2025"]
[Site "Guntur IND"]
[Date "2025.10.01"]
[Round "11.18"]
[White "Gaikwad Manas"]
[Black "Srihari, L"]
[Result "1-0"]
[BlackTitle "IM"]
[WhiteElo "2112"]
[BlackElo "2373"]
[WhiteFideId "25912410"]
[BlackFideId "46642056"]
[EventDate "2025.09.21"]

1. e4 c6 2. d4 d5 3. Nd2 dxe4 4. Nxe4 Nf6 5. Nxf6+ exf6 6. c3 Bd6 7. Bd3 Na6 8.
Qc2 h5 9. Ne2 Nc7 10. c4 h4 11. h3 Ne6 12. a3 O-O 13. Be3 b5 14. c5 Be7 15. Be4
Qc7 16. Nc3 Rb8 17. b4 1-0

[Event "62nd ch-IND 2025"]
[Site "Guntur IND"]
[Date "2025.10.01"]
[Round "11.19"]
[White "Das, Arghyadip"]
[Black "Druvesh Dondapati"]
[Result "1-0"]
[WhiteTitle "IM"]
[WhiteElo "2353"]
[BlackElo "2011"]
[WhiteFideId "5003610"]
[BlackFideId "33405980"]
[EventDate "2025.09.21"]

1. e4 c5 2. Nf3 d6 3. d4 cxd4 4. Nxd4 Nf6 5. Nc3 a6 6. Be2 e5 7. Nb3 Be7 8. O-O
O-O 9. Be3 Be6 10. Qd2 Nbd7 11. a4 Rc8 12. a5 Ng4 13. Bxg4 Bxg4 14. Nc1 Be6 15.
N1e2 Rc6 16. Nd5 Nf6 17. f3 Bxd5 18. exd5 Rc8 19. Rfc1 Qd7 20. Qd3 Rfe8 21. c4
h5 22. Nc3 h4 23. h3 Nh5 24. b4 Nf4 25. Qf1 f5 26. Na4 Rcd8 27. Nb6 Qc7 28. c5
Bg5 29. Ra3 e4 30. Rc4 Rf8 31. c6 bxc6 32. Rac3 c5 33. bxc5 dxc5 34. Bxc5 Be7
35. Bd4 Qd6 36. Nc8 Rxc8 37. Rxc8 Nxd5 38. Rxf8+ Bxf8 39. Rc8 Qe6 40. Rd8 Ne7
41. Bc5 e3 42. Qe1 f4 43. Qb4 e2 44. Kf2 Qg6 45. Qc4+ Kh7 46. Qe4 Nf5 47. Rxf8
Qg3+ 48. Kxe2 Qxg2+ 49. Bf2 g6 50. Rf7+ Kh6 51. Qxf4+ Qg5 52. Rh7+ Kxh7 53. Qxg5 1-0

[Event "62nd ch-IND 2025"]
[Site "Guntur IND"]
[Date "2025.10.01"]
[Round "11.20"]
[White "Majumder Shrayan"]
[Black "Sriram, Jha"]
[Result "1-0"]
[BlackTitle "GM"]
[WhiteElo "2161"]
[BlackElo "2322"]
[WhiteFideId "45040419"]
[BlackFideId "5001668"]
[EventDate "2025.09.21"]

1. e4 e5 2. Nf3 Nc6 3. Nc3 Nf6 4. g3 Bc5 5. Bg2 d6 6. d3 O-O 7. O-O h6 8. h3 Be6
9. Na4 Re8 10. c4 a5 11. Kh2 Ba7 12. Nc3 Ne7 13. b3 Ng6 14. d4 c6 15. Be3 Qe7 1-0

[Event "62nd ch-IND 2025"]
[Site "Guntur IND"]
[Date "2025.10.01"]
[Round "11.21"]
[White "Nitin, S."]
[Black "Surendran, N"]
[Result "1-0"]
[WhiteTitle "IM"]
[WhiteElo "2316"]
[BlackElo "2158"]
[WhiteFideId "5018277"]
[BlackFideId "5021243"]
[EventDate "2025.09.21"]

1. e4 c5 2. Nf3 a6 3. Nc3 d6 4. d4 cxd4 5. Nxd4 Nf6 6. Be3 e5 7. Nb3 Be6 8. Qd2
Nbd7 9. f4 Rc8 10. f5 Bc4 11. O-O-O b5 12. Kb1 Qc7 13. Bd3 Be7 14. g4 b4 15. Ne2
h6 16. Rhg1 a5 17. h4 h5 18. gxh5 Rxh5 19. Bg5 a4 20. Nbc1 Qb7 21. Ng3 Rh7 22.
Qe2 Bxd3 23. Nxd3 b3 24. cxb3 axb3 25. Rc1 bxa2+ 26. Ka1 Rb8 27. Rc2 Bd8 28.
Rgc1 Bb6 29. Rc4 Bc5 30. Qc2 Qb5 31. Bxf6 gxf6 32. Nxc5 Nxc5 33. b4 Nd7 34. Qd2
Ke7 35. Nf1 Rxh4 36. Ne3 Rh5 37. Rc6 Kf8 1-0

[Event "62nd ch-IND 2025"]
[Site "Guntur IND"]
[Date "2025.10.01"]
[Round "11.22"]
[White "Gyana, Sai Santhosh M"]
[Black "Sengupta, Deep"]
[Result "0-1"]
[BlackTitle "GM"]
[WhiteElo "2098"]
[BlackElo "2490"]
[WhiteFideId "25611135"]
[BlackFideId "5008352"]
[EventDate "2025.09.21"]

1. e4 c5 2. Nf3 d6 3. d4 cxd4 4. Qxd4 Nf6 5. Nc3 a6 6. e5 Nc6 7. Qa4 Ng4 8. Bb5
Bd7 9. Bxc6 bxc6 10. exd6 exd6 11. O-O Be7 12. Bf4 O-O 13. Rad1 d5 14. h3 Nf6
15. Ne5 Bc5 16. Bg5 Be8 17. Ne4 Be7 18. Bxf6 Bxf6 19. Nxc6 Bxb2 20. Qb4 Bxc6 21.
Qxb2 Rb8 22. Qc3 Rc8 23. Rfe1 Ba4 24. Qg3 Rc6 25. Nc3 Bxc2 26. Rxd5 Qc8 27. Re3
Qb7 28. Rd2 Bg6 29. Kh2 Rc5 30. Qd6 Qb8 31. Ne4 Qxd6+ 0-1

[Event "62nd ch-IND 2025"]
[Site "Guntur IND"]
[Date "2025.10.01"]
[Round "11.24"]
[White "Dhulipalla, Bala Chandra Prasad"]
[Black "Pranay Akula"]
[Result "1-0"]
[WhiteTitle "IM"]
[WhiteElo "2446"]
[BlackElo "2075"]
[WhiteFideId "25005812"]
[BlackFideId "25131001"]
[EventDate "2025.09.21"]

1. e4 c5 2. Nf3 e6 3. d4 cxd4 4. Nxd4 Nc6 5. Bf4 d6 6. Nxc6 bxc6 7. Bd3 e5 8.
Be3 Nf6 9. c4 Be7 10. O-O O-O 11. Nc3 Be6 12. Qc2 Qc7 13. Rac1 Rfd8 14. b3 h6
15. Rfd1 Rac8 16. h3 Nd7 17. Be2 a5 18. Nd5 Bxd5 19. cxd5 c5 20. g3 Ra8 21. Bb5
Rab8 22. Qe2 Bg5 23. f4 Bf6 24. a4 Nf8 25. Kh2 Qe7 26. Rc4 g6 27. Rf1 Bg7 28. f5
Nh7 29. Bd2 Ra8 30. Bc6 Ra7 31. fxg6 fxg6 32. Qg4 Rf8 33. Rcc1 Rxf1 34. Rxf1 Nf8
35. Qc8 Kh7 36. Qb8 Kh8 37. Qb6 Nh7 38. Bxa5 Ng5 39. Qb8+ Kh7 40. Bd8 1-0

[Event "62nd ch-IND 2025"]
[Site "Guntur IND"]
[Date "2025.10.01"]
[Round "11.27"]
[White "Chukka Vineel Radha Karthik"]
[Black "Nayak, Rajesh"]
[Result "1/2-1/2"]
[BlackTitle "FM"]
[WhiteElo "1889"]
[BlackElo "2352"]
[WhiteFideId "33367787"]
[BlackFideId "35017152"]
[EventDate "2025.09.21"]

1. d4 Nf6 2. Bf4 b6 3. Nc3 Bb7 4. f3 e6 5. e4 d5 6. Nb5 Na6 7. e5 Nd7 8. Be3
Nab8 9. f4 a6 10. Nc3 c5 11. Nf3 Nc6 12. Ne2 Rc8 13. c3 b5 14. Ng3 b4 15. Be2
bxc3 16. bxc3 cxd4 17. Nxd4 Qa5 18. Nb3 Qxc3+ 19. Bd2 Qb2 20. Bc1 Qc3+ 21. Bd2
Qb2 22. Bc1 Qc3+ 23. Bd2 Qb2 24. Bc1 1/2-1/2

[Event "62nd ch-IND 2025"]
[Site "Guntur IND"]
[Date "2025.10.01"]
[Round "11.28"]
[White "Mahitosh, Dey"]
[Black "Sharnarthi Shlok"]
[Result "1/2-1/2"]
[WhiteTitle "FM"]
[WhiteElo "2233"]
[BlackElo "2046"]
[WhiteFideId "25091468"]
[BlackFideId "25977776"]
[EventDate "2025.09.21"]

1. d4 Nf6 2. c4 g6 3. Nc3 Bg7 4. e4 d6 5. h3 O-O 6. Be3 e5 7. d5 c6 8. Nf3 cxd5
9. cxd5 Nh5 10. Rc1 a6 11. Nd2 b5 12. g3 Nd7 13. Be2 Nhf6 14. g4 Ne8 15. h4 Nb6
16. h5 Bd7 17. a3 Rc8 18. g5 Nc4 19. Nxc4 bxc4 20. Kd2 f5 21. gxf6 Nxf6 22. hxg6
hxg6 23. Qg1 Be8 24. Bg4 Nxg4 25. Qxg4 Qd7 26. Qg3 Rb8 27. Rb1 Rb3 28. Bg5 Qf7
29. Ke2 Qb7 30. Qh4 Rxb2+ 31. Rxb2 Qxb2+ 32. Bd2 Rf6 33. Qh7+ Kf8 34. Rb1 Qc2
35. Rb8 Qd3+ 36. Ke1 Qd4 37. Qh4 Qa7 38. Bh6 g5 39. Bxg5 Rf3 40. Bh6 Qxb8 41.
Bxg7+ Kxg7 42. Qg4+ Bg6 43. Qxf3 Qb2 44. a4 Qc1+ 45. Ke2 a5 46. Qe3 Qg1 47. Kd2
Qa1 48. Kc2 Qf1 49. Kb2 Kf6 50. Nb5 Qd1 51. Nxd6 Qxa4 52. Qf3+ Ke7 53. Nc8+ Kd8
54. Qf6+ Kxc8 55. Qxg6 Qb4+ 56. Kc2 Qb3+ 57. Kc1 Qc3+ 1/2-1/2

[Event "62nd ch-IND 2025"]
[Site "Guntur IND"]
[Date "2025.10.01"]
[Round "11.29"]
[White "Setumadhav, Yellumahanthi"]
[Black "Agnivo Chakraborty"]
[Result "1/2-1/2"]
[WhiteTitle "FM"]
[WhiteElo "2230"]
[BlackElo "1983"]
[WhiteFideId "25920669"]
[BlackFideId "25943570"]
[EventDate "2025.09.21"]

1. d4 Nf6 2. c4 e6 3. Nf3 Bb4+ 4. Nbd2 c5 5. dxc5 Bxc5 6. e3 Nc6 7. a3 a5 8. Bd3
O-O 9. O-O d5 10. Qc2 Qe7 11. b3 d4 12. Ne4 Nxe4 13. Bxe4 dxe3 14. Bxe3 Bxe3 15.
fxe3 f5 16. Bxc6 bxc6 17. Ne5 Bb7 18. c5 Rad8 19. Rad1 Rd5 20. Rxd5 exd5 21.
Rxf5 Re8 22. Qc3 Qe6 23. Rf7 Ba6 24. Ra7 Qf6 25. Rxa6 Rf8 26. Qe1 Qxe5 27. Rxc6
d4 28. Rd6 dxe3 29. Qe2 Qxc5 30. Rd3 Qxa3 1/2-1/2

[Event "62nd ch-IND 2025"]
[Site "Guntur IND"]
[Date "2025.10.01"]
[Round "11.30"]
[White "Ankit Ray"]
[Black "Badamundi, Tapan"]
[Result "1-0"]
[WhiteTitle "FM"]
[WhiteElo "2221"]
[BlackElo "1973"]
[WhiteFideId "25770624"]
[BlackFideId "46623574"]
[EventDate "2025.09.21"]

1. Nf3 c5 2. c4 g6 3. g3 Bg7 4. Bg2 Nc6 5. Nc3 Nf6 6. O-O O-O 7. d4 d6 8. b3
cxd4 9. Nxd4 Bd7 10. Bb2 Qc8 11. Nd5 Nxd5 12. cxd5 Nxd4 13. Bxd4 Be5 14. Bxe5
dxe5 15. d6 Bc6 16. dxe7 Re8 17. Qd6 1-0

[Event "62nd ch-IND 2025"]
[Site "Guntur IND"]
[Date "2025.10.01"]
[Round "11.31"]
[White "Mukund Hemant Agarwal"]
[Black "Saisarvesh S"]
[Result "1-0"]
[WhiteTitle "CM"]
[WhiteElo "2169"]
[BlackElo "1977"]
[WhiteFideId "25679791"]
[BlackFideId "25739530"]
[EventDate "2025.09.21"]

1. e4 c5 2. Nf3 d6 3. Bb5+ Bd7 4. Bxd7+ Qxd7 5. c4 Nc6 6. Nc3 e5 7. d3 g6 8. a3
Bg7 9. b4 Nge7 10. Rb1 b6 11. O-O O-O 12. Nd5 Rad8 13. h3 Nxd5 14. cxd5 Nd4 15.
Nxd4 exd4 16. bxc5 dxc5 17. Bg5 Rc8 18. Qb3 Rfe8 19. Rfe1 Qc7 20. a4 h6 1-0

[Event "62nd ch-IND 2025"]
[Site "Guntur IND"]
[Date "2025.10.01"]
[Round "11.32"]
[White "Mohota, Nisha"]
[Black "Dubey, Sanchay"]
[Result "1/2-1/2"]
[WhiteTitle "IM"]
[WhiteElo "2153"]
[BlackElo "1929"]
[WhiteFideId "5004330"]
[BlackFideId "35030728"]
[EventDate "2025.09.21"]

1. e4 c5 2. c3 d6 3. d4 Nd7 4. Nf3 Qc7 5. Bd3 g6 6. O-O Bg7 7. Qe2 Ngf6 8. h3 e5
9. dxe5 dxe5 10. a4 O-O 11. Na3 Nh5 12. Rd1 Nf4 13. Bxf4 exf4 14. Nb5 Qb8 15.
Qd2 Re8 16. Bc2 Ne5 17. Qxf4 Be6 18. Nxe5 Bxe5 19. Qe3 a6 20. Na3 Qc7 21. Qe2 c4
22. Rf1 h5 23. Rad1 h4 24. Bb1 Qc5 25. Nc2 Rad8 26. Rxd8 Rxd8 27. Rd1 Rxd1+ 28.
Qxd1 Qb6 29. Qc1 Qc6 30. Nd4 Qxa4 31. Nxe6 fxe6 32. Bc2 Qb5 33. Bd1 Kg7 34. Qd2
Qc6 35. f4 Bc7 36. Kf1 Bb6 37. Bf3 1/2-1/2

[Event "62nd ch-IND 2025"]
[Site "Guntur IND"]
[Date "2025.10.01"]
[Round "11.33"]
[White "Premshankar B U"]
[Black "Aamuktha Guntaka"]
[Result "1-0"]
[BlackTitle "WCM"]
[WhiteElo "1944"]
[BlackElo "2102"]
[WhiteFideId "25955489"]
[BlackFideId "33486697"]
[EventDate "2025.09.21"]

1. d4 Nf6 2. c4 e6 3. Nc3 Bb4 4. e3 O-O 5. Bd3 d5 6. a3 Bxc3+ 7. bxc3 dxc4 8.
Bxc4 c5 9. Ne2 Qc7 10. Bd3 b6 11. e4 Bb7 12. f3 cxd4 13. cxd4 Nc6 14. Bb2 Qe7
15. O-O Rfd8 16. Qc1 h6 17. Qe3 Rac8 18. g4 Nd7 19. Ng3 Na5 20. Rac1 Qg5 21.
Qxg5 hxg5 22. Rxc8 Rxc8 23. Rc1 Rxc1+ 24. Bxc1 f6 25. Kf2 Kf7 26. Bd2 Nc6 27.
Ke3 Ke7 28. Bc4 g6 29. Ba2 a5 30. Bc4 Kd6 31. Ne2 Na7 32. Be1 b5 33. Bd3 a4 34.
Bb4+ Kc7 35. Nc3 Kb6 36. Be7 Nc6 37. Bxb5 e5 38. d5 Nxe7 39. Bxd7 Kc5 40. Nxa4+
Kd6 41. Bb5 f5 42. Nb2 Kc5 43. a4 fxe4 44. fxe4 Nc8 45. Nc4 Nd6 46. Nxe5 Bc8 47.
h3 Kb4 48. Nxg6 Kc5 49. Ne7 Bb7 50. e5 Nf7 51. Ke4 Nd8 52. Kf5 Nf7 53. Kf6 Nd8
54. Kxg5 Kd4 55. Kf6 1-0

[Event "62nd ch-IND 2025"]
[Site "Guntur IND"]
[Date "2025.10.01"]
[Round "11.34"]
[White "Krishna, C R G"]
[Black "Abhinav Raj"]
[Result "0-1"]
[WhiteTitle "IM"]
[WhiteElo "2440"]
[BlackElo "2015"]
[WhiteFideId "5018625"]
[BlackFideId "25633139"]
[EventDate "2025.09.21"]

1. Nf3 Nf6 2. c4 c5 3. g3 Nc6 4. Bg2 d5 5. b3 e5 6. cxd5 Nxd5 7. Nc3 Be6 8. Ng5
Qxg5 9. Nxd5 Qd8 10. Ne3 Qd7 11. Bb2 Be7 12. O-O Nd4 13. Nc4 f6 14. e3 Nc6 15.
Be4 O-O-O 16. Qe2 h5 17. Rfc1 Kb8 18. a3 h4 19. b4 hxg3 20. hxg3 cxb4 21. axb4
Nxb4 22. d4 Bd5 23. Qf3 Bxe4 24. Qxe4 Qh3 25. Qg2 Qxg2+ 26. Kxg2 Nd3 27. Rcb1
Rc8 28. Ra4 Bb4 29. Rxb4 Nxb4 30. Nd6 Rc2 31. dxe5 Nd3 32. Bd4 b6 33. e6 Rxf2+
34. Kg1 Rfh2 35. Ra1 Kc7 36. Nf5 Rh1+ 37. Kg2 Ne1+ 38. Rxe1 Rxe1 39. Nxg7 Kd6
40. Kf2 Rd1 41. g4 Rxd4 42. exd4 Rg8 0-1